000 00576nam a22001817a 4500
003 0
005 20241010091225.0
008 241010b xxu||||| |||| 00| 0 eng d
020 _a9781774694428
050 _aQA 76.9
_b.C74 2023
100 _aKuzmiakova, Adele,
_eauthor.
245 _aThe creation and management of database systems /
_cAdele Kuzmiakova.
260 _aBurlington, ON :
_bArcler Press,
_c2023.
300 _axx, 238 p. :
_bcol. ill. ;
_c24 cm.
504 _aIncludes bibliographical references and index.
650 _aDatabase management.
942 _2lcc
_cBK
999 _c366485
_d366485